| 000 | 00442nam a2200169Ia 4500 | ||
|---|---|---|---|
| 003 | LK-CoDNM | ||
| 005 | 20240731150126.0 | ||
| 008 | 010623t1929 xxu||||| |||| 00| 1 eng d | ||
| 040 |
_aLK-CoDNM _dLK-CoDNM _eLK-CoDNM |
||
| 041 | _aeng | ||
| 080 |
_a8 _bJ22 |
||
| 100 | _aSarup,Lakshman. | ||
| 245 | _aIndices and Appendices to the Nirukta | ||
| 260 |
_bUniversity of the Panjab _aLahore _c1929 |
||
| 300 | _bviii, 363p ; 24 cm | ||
| 942 | _cBK | ||
| 999 |
_c94686 _d94686 |
||